| 000 | 00575cam a2200205 a 4500 | ||
|---|---|---|---|
| 999 |
_c1171 _d1171 |
||
| 001 | 14066 | ||
| 003 | BD-DhUAP | ||
| 005 | 20200203144824.0 | ||
| 008 | 200203s ii a bl 010 0 eng | ||
| 040 |
_aBD-DhUAP _cBD-DhUAP _dBD-DhUAP _bEng |
||
| 082 |
_223 _a342.73 IQB |
||
| 100 | _aIqbal, Nadeema. | ||
| 245 |
_aThe constitution of U.S.A. / _cNadeema Iqbal. |
||
| 260 |
_aLahore : _bImran law book, _c[...?] |
||
| 300 |
_a159 pages ; _c24 cm. |
||
| 490 | _aImran law series. | ||
| 500 | _aIncludes index. | ||
| 650 |
_aConstitutional law _zUnited States. |
||
| 942 |
_2ddc _cBK |
||